000
00304nam a22001337a 4500
008
181107b xxu||||| |||| 00| 0 eng d
020
_a
9780781775250
041
_a
eng
080
_2
6 TH
_a
611
100
_a
7
101
_a
ANA
245
_a
Clinically Oriented Anatomy
_c
Moore.K.L
942
_2
udc
_c
BK
999
_c
52128
_d
52128